000 00767nam a22002297a 4500
003 UA-OsUOA
001 51734
007 ta
008 20141009b un ||||| |||| 00| 0 ukr d
090 _a82-6
942 _cBK
040 _aUA-OsUOA
_beng
_cUA-OsUOA
_dUA-OsUOA
245 _aTWO WORLDS, ONE IDEA. Ten Years of Cerrespondence between Amnesty International, Group 11, and a Ukrainian Political Prisoner, Zinovii Krasivskyj
_cedit. Anna Procyk
300 _a420 p.
955 _a4
041 _aeng
080 _a82-6
260 _aK.
_bSmoloskyp
_c2013
650 7 _a82 Література. Літературознавство
_2UDC
999 _c431860
_d431860